书目信息 |
| 题名: |
英语口语辞典
|
|
| 作者: | 陈鑫源 编 | |
| 分册: | ||
| 出版信息: | 上海 上海外语教育出版社 2005.07 |
|
| 页数: | 868页 | |
| 开本: | 20cm | |
| 丛书名: | ||
| 单 册: | ||
| 中图分类: | H319.9 | |
| 科图分类: | 41.687072 | |
| 主题词: | 英语--Ying Yu--口语--英、汉--词典 | |
| 电子资源: | ||
| ISBN: | 7-81046-235-0 | |
| 000 | 00852nam0 2200253 450 | |
| 001 | CAL 012000139309 | |
| 005 | 20060529152004.51 | |
| 010 | @a7-81046-235-0@b精装@dCNY 35.00 | |
| 010 | @a7-81046-196-6@dCNY30.00 | |
| 099 | @aCAL 012000139309@aCAL 012001070116@aCAL 012001232391 | |
| 100 | @a19980504d2005 ekmy0chiy0120 ea | |
| 101 | 0 | @achi@aeng |
| 102 | @aCN@b310000 | |
| 200 | 1 | @a英语口语辞典@Aying yu kou yu ci dian@d= A DICTIONARY OF SPOKEN ENGLISHEXPRESSIONS@zeng@f陈鑫源编著 |
| 205 | @a第2版@b修订本 | |
| 210 | @a上海@c上海外语教育出版社@d2005.07 | |
| 215 | @a868页@d20cm | |
| 510 | 1 | @a{A }DICTIONARY OF SPOKEN ENGLISH EXPRESSIONS@zeng |
| 606 | 0 | @a英语@AYing Yu@x口语@x英、汉@j词典 |
| 690 | @aH319.9@v4 | |
| 692 | @a41.687072@v3 | |
| 701 | 0 | @a陈鑫源@AChen Xinyuan@4编 |
| 801 | 2 | @aCN@bLZT@c20060529 |
| 905 | @a10447@dH319.9@eC598 | |
| 英语口语辞典= A DICTIONARY OF SPOKEN ENGLISHEXPRESSIONS/陈鑫源编著.-第2版,修订本 .-上海:上海外语教育出版社,2005.07 |
| 868页;20cm |
| ISBN 7-81046-235-0(精装):CNY 35.00 |
| ● |
| 相关链接 |
|
|
|
正题名:英语口语辞典
索取号:H319.9/C598
 
预约/预借
| 序号 | 登录号 | 条形码 | 馆藏地/架位号 | 状态 | 备注 |
| 1 | 604013 | 206040130 | 语言库209/209语言库 58排7列5层/ [索取号:H319.9/C598] | 在馆 | |
| 2 | 604014 | 206040149 | 语言库209/209语言库 58排7列5层/ [索取号:H319.9/C598] | 在馆 |